Normal view
MARC view
- وهدان، أحمد حسين عبد الرحمن ؛ تقديم: مشهور بن حسن آل سلمان ، سمير مراد
Entry Personal Name
001 - CONTROL NUMBER
- control field: 11394
003 - CONTROL NUMBER IDENTIFIER
- control field: JO-AjAnu
005 - DATE AND TIME OF LATEST TRANSACTION
- control field: 20230606072129.0
008 - FIXED-LENGTH DATA ELEMENTS
- fixed length control field: 230606|| aca||aabn | a|a d
040 ## - CATALOGING SOURCE
- Original cataloging agency: JO-AjAnu
- Transcribing agency: JO-AjAnu
100 ## - HEADING--PERSONAL NAME
- Personal name: وهدان، أحمد حسين عبد الرحمن ؛ تقديم: مشهور بن حسن آل سلمان ، سمير مراد
670 ## - SOURCE DATA FOUND
- Source citation: Work cat.: (JO-AjAnu)5871: وهدان، أحمد حسين عبد الرحمن ؛ تقديم: مشهور بن حسن آل سلمان ، سمير مراد, author, أحكام البيوع المتعامل بها في أسواق الجملة للخضار وتكييفها الفقهي : دراسة فقهية معاصرة